000 00269nam a2200121Ia 4500
008 190216s9999||||xx |||||||||||||| ||und||
100 _aCharaya M U
245 0 _aObjective Botany
260 _bAs Prakashan
_c1998
300 _a2001p
650 _aBotany
942 _cREF
999 _c36414
_d36414